Game of Thrones deaths with clues (Seasons 1-3 edition) Quiz Stats

 Plays Quiz not verified by Sporcle

Score 0/20 Timer 08:00
0 Plays Today
% Correct
Viserys Targaryen (Daenerys's irritating brother)
96.3%
Renly Baratheon (one of many foolish enough to want the throne)
96.2%
Eddard Stark (it's Sean Bean - it was never going to end well)
96.1%
Robert Baratheon (Ruler of the Seven Kingdoms!)
95.7%
Khal Drogo (Daenerys's testosterone fuelled Dothraki husband)
95.3%
Robb Stark (heir then leader of the ill-fated house Stark)
94.6%
Lady the direwolf
93%
Ros (prostitute forming a new career as a spy)
92.8%
Grey Wind the direwolf
92.7%
Rickard Karstark (head of House Karstark)
92.2%
% Correct
Maester Luwin (surrogate father to Stark children while their family are off carelessly getting themselves killed)
91.7%
Mandon Moore ([possibly over-]loyal member of the Kingsguard)
91.3%
Kraznys mo Nakloz (indiscrete slave-master of the Unsullied)
91.2%
Pyat Pree (warlock with the handy power of appearing to clone himself)
90.8%
Mycah (the butcher's boy)
89.7%
Martyn & Willem Lannister (young boys from the less powerful end of the family)
89.6%
Jeor Mormont (Lord Commander of the Night's Watch)
83.4%
Orell (the Wildling Warg & the one from Pirates of the Caribbean)
81.4%
Craster (Wildling with waaay too many daughters
80.9%
Yoren (recruiter for the Night Watch)
80.6%

You're not logged in!

Compare scores with friends on all Sporcle quizzes.
OR
Log In

Show Comments

Extras

Top Quizzes Today


Score Distribution

Your Account Isn't Verified!

In order to create a playlist on Sporcle, you need to verify the email address you used during registration. Go to your Sporcle Settings to finish the process.

Report this User

Report this user for behavior that violates our Community Guidelines.

Details: